000 01739cam a2200385 i 4500
001 22107389
003 n
005 20250911094950.0
008 210630s2022 caua 001 0 eng
010 _a 2021032322
020 _a9781718501928
_q(print)
020 _z9781718501935
_q(ebook)
035 _a22107389
040 _aDLC
_beng
_cDLC
_erda
_dDLC
042 _apcc
050 0 _aQA76.758
_b.K675 2022
082 0 0 _a005.1 K675 2022
_223
100 1 _aKohnfelder, Loren,
_eauthor.
245 1 0 _aDesigning secure software :
_ba guide for developers /
_cLoren Kohnfelder.
264 1 _aSan Francisco :
_bNo Starch Press,
_c[2022]
300 _axxxi, 291 pages :
_billustrations ;
_c24 cm
336 _atext
_btxt
_2rdacontent
337 _aunmediated
_bn
_2rdamedia
338 _avolume
_bnc
_2rdacarrier
500 _aIncludes index.
520 _a"An introduction to computer security that focuses on basic security concepts, like threats and how developers mitigate them. It covers the process of reviewing design documents with security in mind and explores techniques attackers use to exploit systems and how to protect against them with secure coding and development practices"--
_cProvided by publisher.
650 0 _aSoftware engineering.
650 0 _aSoftware architecture.
650 0 _aComputer security.
650 0 _aApplication software
_xDevelopment.
776 0 8 _iOnline version:
_aKohnfelder, Loren.
_tDesigning secure software
_dSan Francisco : No Starch Press, Inc., 2022
_z9781718501935
_w(DLC) 2021032323
906 _a7
_bcbc
_corignew
_d1
_eecip
_f20
_gy-gencatlg
942 _2ddc
_cBK-EN
_n0
999 _c7899
_d7899